Hazbin Hotel- Vox Dei - Statistics

General Stats
  • This quiz has been taken 180 times
  • The average score is 78 of 135
Answer Stats
Hint Answer % Correct
angel
94%
Vox: This
94%
it!
92%
admits
89%
She
80%
the
72%
extermination
70%
a
67%
Consider
67%
holy
67%
not
67%
of
67%
this
67%
to
67%
war!
67%
we
67%
Well,
67%
anymore!
66%
are
66%
gonna
66%
the
66%
Cuz
64%
declaration
64%
I
64%
I'm
64%
I'm
64%
silence
64%
the
64%
be
63%
down
63%
immense!
63%
kept
63%
sinners
63%
am
61%
angels
61%
avatar
61%
called
61%
lies
61%
of
61%
tell!
61%
the
61%
the
61%
the
61%
we
61%
you
61%
your
61%
I'm
59%
I've
59%
people
59%
to
59%
we
59%
When
59%
won't
59%
baskets,
58%
be
58%
bringing
58%
Hell!
58%
in
58%
King
58%
motherfucking
58%
of
58%
out,
58%
speaking
58%
the
58%
up
58%
we'll
58%
you
58%
a
56%
caskets!
56%
consequence!
56%
I'll
56%
I'm
56%
omega!
56%
pay
56%
put
56%
show
56%
the
56%
visit
56%
woken
56%
you
56%
you
56%
your
56%
be
55%
be
55%
flood!
55%
I
55%
it
55%
means
55%
that'll
55%
to
55%
what
55%
am
53%
blood!
53%
bringing
53%
down
53%
furor!
53%
keep
53%
our
53%
spilled
53%
the
53%
us
53%
when
53%
you
53%
you
53%
made
52%
nightmare
52%
So
52%
to
52%
and
50%
cower
50%
did
50%
each
50%
hide,
50%
it
50%
kingdom!
50%
other.
50%
to
50%
your
50%
a
48%
empowering
48%
find
48%
rope
48%
say
48%
your
48%
can
47%
from!
47%
goodbyes,
47%
lives,
47%
swing
47%
to
47%
You
47%
you
47%
your
47%
decimation
45%
Go
44%
No matching quizzes found
Score Distribution
Percent of People with Each Score
Percentile by Number Answered
Your Score History
You have not taken this quiz